Which Asian Capital? - Statistics

General Stats
  • This quiz has been taken 24,984 times
  • The average score is 14 of 20
Answer Stats
Hint Capital % Correct
Featured in the movie "Godzilla" Tokyo
94%
Located just 50 km south of the Demilitarized Zone Seoul
92%
The only city to have hosted both the Summer and Winter Olympics Beijing
89%
The government plans to eventually move the capital away from here to a new capital on the island of Borneo Jakarta
85%
Capital which American troops hastily abandoned in 2021 Kabul
84%
Its Petronas Towers were the tallest buildings in the world from 1998–2004 Kuala Lumpur
80%
Located about 75 km north of the ancient city of Babylon Baghdad
79%
It's name means "City of Islam" Islamabad
76%
Has been governed by Spain, the United States, and Japan Manila
75%
Islam's third holiest city after Mecca and Medina Jerusalem
73%
Hosts frequent parades where Intercontinental Ballistic Missiles are the star attraction Pyongyang
73%
Mediterranean city once known as "The Paris of the Middle East" Beirut
72%
Its luxury hotels include the Yak & Yeti, the Everest, and the Shangri-La Kathmandu
70%
The coldest national capital in the world, it was founded as a nomadic Buddhist monastery. After relocating 28 times, it settled in a permanent location in 1778. Ulaanbaatar
67%
Has four letters, the last of which is U Baku
57%
Where you'd find Chiang Kai-shek Memorial Hall Taipei
57%
Sits in the middle of the world's third largest hot desert Riyadh
56%
Under foreign occupation from 1990–1991 Kuwait City
48%
The capital of the Umayyad Caliphate Damascus
43%
Roosevelt, Stalin, and Churchill met here in 1943 to discuss war objectives Tehran
39%
No matching quizzes found
Score Distribution
Percent of People with Each Score
Percentile by Number Answered
Your Score History
You have not taken this quiz